000 00701cam a22001815a 4500
001 L156049
008 120426s1840 xxk f 000 0 eng d
035 _a(Sirsi) u156049
041 0 _aeng
100 1 _aBartholomew, Alfred
_d1801-1845
245 0 0 _aSpecifications for practical architecture
_bpreceded by an essay on the decline of excellence in the structure and in the science of modern English buildings : with the proposal of remedies for those defects
260 _aLondon
_bJ. Williams
_c1840
300 _aca. 856 p.
_bill.
_c24 cm.
583 _aCondition reviewed
_c20120620
_lcondition level 4 and 4
651 4 _aGreat Britain
_y1707-
690 _aDesign and specification
942 _n0
999 _c114005
_d114005